MARC details
| 000 -CABECERA |
| campo de control de longitud fija |
01274nam a2200301Ia 4500 |
| 001 - NÚMERO DE CONTROL |
| campo de control |
2601 |
| 008 - DATOS DE LONGITUD FIJA--INFORMACIÓN GENERAL |
| campo de control de longitud fija |
230305s9999 xx 000 0 und d |
| 020 ## - NÚMERO INTERNACIONAL ESTÁNDAR DEL LIBRO |
| Número Internacional Estándar del Libro |
9781729136515 |
| 040 ## - FUENTE DE LA CATALOGACIÓN |
| Centro/agencia transcriptor |
tbs |
| 041 ## - CÓDIGO DE LENGUA |
| Código de lengua del texto/banda sonora o título independiente |
eng |
| 043 ## - CÓDIGO DE ÁREA GEOGRÁFICA |
| Código de área geográfica |
en_UK |
| 245 #0 - MENCIÓN DE TÍTULO |
| Título |
Social media marketing for the future |
| 260 ## - PUBLICACIÓN, DISTRIBUCIÓN, ETC. |
| Nombre del editor, distribuidor, etc. |
[Publisher not identified], |
| 262 ## - MENCIÓN DE PIE DE IMPRENTA PARA GRABACIONES SONORAS (Pre-RCAA 2) [LOCAL, USA] |
| Nombre de editor o tratado |
NULL |
| Lugar de producción, publicación, etc. |
NULL |
| 300 ## - DESCRIPCIÓN FÍSICA |
| Extensión |
109 pages : illustratons ; 23 cm |
| 500 ## - NOTA GENERAL |
| Nota general |
strategies for 2020 & beyond |
| 520 ## - SUMARIO, ETC. |
| Sumario, etc. |
Social media marketing is not an option anymore. Your customers--no matter who they are--expect you to reach them the way they communicate. The vast majority of companies have inadequate social media marketing strategies. Most companies are playing catch-up with current digital marketing trends and their strategies will be outdated by the time the company has mastered them. To successfully market on social media, you need to be prepared for the future. Social media changes rapidly and frequently. |
| 650 ## - PUNTO DE ACCESO ADICIONAL DE MATERIA--TÉRMINO DE MATERIA |
| Término de materia o nombre geográfico como elemento de entrada |
Internet in public relations |
| 9 (RLIN) |
9547 |
| 650 #0 - PUNTO DE ACCESO ADICIONAL DE MATERIA--TÉRMINO DE MATERIA |
| Término de materia o nombre geográfico como elemento de entrada |
Internet marketing |
| 9 (RLIN) |
1133 |
| 650 #0 - PUNTO DE ACCESO ADICIONAL DE MATERIA--TÉRMINO DE MATERIA |
| Término de materia o nombre geográfico como elemento de entrada |
Social media |
| 9 (RLIN) |
1729 |
| 650 #0 - PUNTO DE ACCESO ADICIONAL DE MATERIA--TÉRMINO DE MATERIA |
| Término de materia o nombre geográfico como elemento de entrada |
Public relations |
| 9 (RLIN) |
2442 |
| 650 #0 - PUNTO DE ACCESO ADICIONAL DE MATERIA--TÉRMINO DE MATERIA |
| Término de materia o nombre geográfico como elemento de entrada |
Business |
| 9 (RLIN) |
4291 |
| 700 ## - ENTRADA AGREGADA--NOMBRE PERSONAL |
| Nombre de persona |
Ford, James E. |
| Término indicativo de función/relación |
Author |
| 9 (RLIN) |
22087 |
| 902 ## - ELEMENTOS DE DATOS B LOCAL, LDB (RLIN) |
| a |
695 |
| 905 ## - ELEMENTOS DE DATOS E LOCAL, LDE (RLIN) |
| a |
m |
| 942 ## - ELEMENTOS DE ENTRADA AGREGADA (KOHA) |
| Código de la institución [OBSOLETO] |
1 |
| Fuente del sistema de clasificación o colocación |
Clasificación Decimal Dewey |